| 000 | 00505nam a2200181Ia 4500 | ||
|---|---|---|---|
| 999 |
_c14379 _d14379 |
||
| 003 | OSt | ||
| 005 | 20201023113439.0 | ||
| 008 | 190216s9999||||xx |||||||||||||| ||und|| | ||
| 020 | _a9780199232062 | ||
| 040 | _coclc | ||
| 082 |
_a823.6 _bGOD/C |
||
| 100 |
_aGodwin, William _95439 |
||
| 245 | 0 |
_aCaleb Williams / _cWilliam Godwin |
|
| 260 |
_bOxford University Press , _a2009. _cNew York: |
||
| 300 | _a372p | ||
| 650 | _aEnglish | ||
| 942 |
_cBK _2ddc _h823.6 _iGOD/C _k823.6 _mGOD/C |
||